| 000 | 00657nam a2200217Ia 4500 | ||
|---|---|---|---|
| 003 | GCL | ||
| 008 | 140319s9999 xx 000 0 ara d | ||
| 040 |
_aGCL / _cGCL |
||
| 082 | 0 | 4 |
_aق _b962.074 _bم ح |
| 100 | 1 | _aمحمد فوزى | |
| 245 | 1 | 0 |
_aحرب اكتوبر عام 1973: دراسة ودروس / _cمحمد فوزى |
| 260 |
_a[S.N] : _bدار المستقبل العربى ، _c1989 |
||
| 300 | _a280 ص | ||
| 490 | _a | ||
| 650 | 0 | 4 | _aمصر |
| 650 | 0 | 4 | _aالنزاع العربى الاسرائيلى |
| 650 | 0 | 4 | _aاسرائيل |
| 650 | 0 | 4 | _aالعمليات الحربية |
| 650 | 0 | 4 | _aحرب اكتوبر 1973 |
| 942 |
_2ddc _cBK |
||
| 999 |
_c52463 _d52463 |
||